01020cam a2200265 a 450000100090000000300040000900500170001300800410003001000170007102000150008803500220010304000130012504200100013804300120014805000230016008200170018324501970020026000810039730000200047850400490049865000310054765000510057871000590062971000660068813617677OSt20230629132449.0040330s2004 ke b 100 0 eng  a 2004360031 a9966958495 a(DLC) 2004360031 aDLCcDLC alcode af-ke---00aKSK3441b.A67 2004 a347.3bKSICJ00aJudicial reform and administration of justice in Kenya :bthe way forward : report of a symposium on the judiciary, held on 15th January 2004 at the Stanley Hotel, Nairobi /csupported by GTZ. aNairobi :bKenya Section of the International Commission of Jurists,cc2004. a70 p. ;c21 cm. aIncludes bibliographical references (p. 50). 0aCourtszKenyavCongresses. 0aJustice, Administration ofzKenyavCongresses.2 aDeutsche Gesellschaft für Technische Zusammenarbeit.2 aInternational Commission of Jurists (1952- ).bKenya Section.